Who scored this football goals? - Statistics

General Stats
  • This quiz has been taken 29 times
  • The average score is 9 of 15
Answer Stats
Game Competition Year Goal Minute Answer % Correct
Spain-Netherlands World Cup 2010 (1)-0 116' Andres Iniesta
100%
Argentina-France World Cup 2022 (2)-0 36' Angel Di Maria
88%
Argentina-Germany World Cup 2014 0-(1) 113' Mario Gotze
76%
Brazil-Germany World Cup 2014 (1)-7 90' Oscar
72%
Spain-England European Championship 2024 1-(1) 73' Cole Palmer
68%
Liverpool-Barcelona Champions League 2019 (4)-0 88' Divock Origi
64%
Barcelona-PSG Champions League 2017 3-(1) 62' Edinson Cavani
60%
Ajax-Tottenham Hotspur Champions League 2019 2-(3) 90+5' Lucas Moura
56%
Real Madrid-Dortmund Champions League 2024 (1)-0 74' Daniel Carvajal
52%
Watford-Leicester City Premier League Play-Off 2013 (2)-1 90+5' Troy Deeney
52%
Barcelona-Real Madrid Copa Del Rey 2025 (3)-2 116' Jules Kounde
48%
Netherlands-Argentina World Cup 2022 (2)-2 90+9' Wout Weghorst
48%
England-Italy European Championship 2021 1-(1) 67' Leandro Bonucci
40%
Internazionale-Barcelona Champions League 2025 (4)-3 99' Davide Frattesi
28%
Scotland-Denmark World Cup Qualifiers 2025 (3)-2 90+3' Kieran Tierney
16%
No matching quizzes found
Score Distribution
Percent of People with Each Score
Percentile by Number Answered
Your Score History
You have not taken this quiz